| 000 | 00373 a2200121 4500 | ||
|---|---|---|---|
| 001 | ART_25944 | ||
| 005 | 20260410161603.0 | ||
| 008 | 260409a | ||
| 245 | 1 | 0 | _aComentarios acerca del texto ordenado CPCECABA |
| 100 | 1 | _aMontanini, Gustavo Amado | |
| 700 | 1 | _aWainstein, Mario | |
| 773 | 0 |
_tProfesional & Empresaria _g- Año IV, Nº 50 (nov. 2003) _wREV70 |
|
| 999 |
_c9899 _d9899 |
||